El guionista no es el asesino: cómo y por qué escribir guiones para programas de plató de TV
Uloženo v:
| Hlavní autor: | |
|---|---|
| Médium: | Kniha |
| Jazyk: | španělština |
| Vydáno: |
Barcelona
Gedisa
2008
|
| Vydání: | 1a. ed |
| Edice: | Multimedia, 27
|
| Témata: | |
| Tagy: |
Přidat tag
Žádné tagy, Buďte první, kdo vytvoří štítek k tomuto záznamu!
|
MARC
| LEADER | 00000cam a2200000 a 4500 | ||
|---|---|---|---|
| 001 | UCD4355 | ||
| 003 | CL-VaPUC | ||
| 008 | 160708e20080000sp |||||||||||||||||spa|d | ||
| 020 | |a 9788497842914 | ||
| 082 | 0 | 4 | |a 791.437 |b GUI |2 21 |
| 100 | 0 | |a Guitián, Tonino |e author |9 588037 | |
| 245 | 1 | 3 | |a El guionista no es el asesino: cómo y por qué escribir guiones para programas de plató de TV |
| 250 | |a 1a. ed | ||
| 300 | |a 265 p | ||
| 942 | |c BK | ||
| 945 | |d 20160708 23:22:00 |a dcastane | ||
| 260 | |a Barcelona |b Gedisa |c 2008 | ||
| 650 | 0 | |a Cine |9 225706 | |
| 650 | 0 | |a Televisión |9 256845 | |
| 650 | 7 | |a GUIONES |2 CL-VaPUC |9 355411 | |
| 583 | |a last modification |c 20181108 01:14:22 |k Rodrigo Vera | ||
| 490 | 0 | |a Multimedia, 27 | |
| 999 | |c 365277 |d 365275 | ||
| 952 | |0 0 |1 0 |3 erb |4 0 |6 791_437000000000000_GUI_2008 |7 0 |8 A |9 479069 |a BIBCUR |b BIBCUR |i 5295807 |o 791.437 GUI 2008 |p 5295807 |r 2025-04-22 |w 2019-11-24 |y BK |z Catalogado en:20160708 |k PER | ||
| 952 | |0 0 |1 0 |3 erb |4 0 |6 791_437000000000000_GUI_2008 |7 0 |8 A |9 479070 |a BIBCUR |b BIBCUR |i 5436028 |o 791.437 GUI 2008 |p 5436028 |r 2025-04-22 |w 2019-11-24 |y BK |z Catalogado en:20171117 |k PER | ||
| 952 | |0 0 |1 0 |3 erb |4 0 |6 791_437000000000000_GUI_2008 |7 0 |8 A |9 479071 |a BIBCUR |b BIBCUR |i 551245K |o 791.437 GUI 2008 |p 551245K |r 2025-04-22 |w 2019-11-24 |y BK |z Catalogado en:20181109 |k PER | ||